Представление документа в формате RUSMARC

ПолеНазваниеЗначение
  Тип записи c
  Библиографический уровень m
001 Контрольный номер RU/УОНБ/EK_N/353261337
005 Дата корректировки 20240131001456.9
010 Индекс ISBN __
9 Тираж 4500 экз.
013 Номер (ISMN) __
d Цена 2 р. 83 к.
071 Издательские номер (звукозапись и ноты) 21
a Номер, присвоенный агентством 8685
100 Данные общей обработки __
a Данные общей обработки 20131228d1976 u y0rusy0189 ca
101 Язык документа 0_
a Язык текста rus
f Язык титульного листа rus
102 Страна публикации __
a Страна публикации RU
105 Кодированные данные (монография) __
a Кодированные данные (монография) y###||||000|y
125 Кодированные данные звукозаписи и нотных изданий __
a Форма изложения нотного текста с|
128 Кодированные данные (звукозаписи-физические характеристики) __
a Кодированные данные: Музыкальная форма и тональность или лад zz
c Инструменты или голоса, рекомендуемые для солистов (устаревшее) ka||
200 Заглавие и сведения об ответственности 1_
a Заглавие Т. 1
f Первые сведения об ответственности ред.-сост. А. Балтин и К. Сорокин
210 Выходные данные 1_
d Дата издания 1976
215 Физическое описание __
a Объем 192 c.
327 Примечание о содержании 11
a Примечание о содержании Содерж. : Рапсодия : соч. 1 ; Три народные песни области Чик ; Четырнадцать багателей : соч. 6 ; Десять легких пьес : Посвящение ; 1. Крестьянская песня ; 2. Печальный хоровод ; 3. Танец словацкого парня ; 4. Sostenuto ; 5. Вечер в деревне ; 6. Венгерская народная песня ; 7. Рассвет ; 8. Говорят, не выдадут меня за любимого : нар. песня ; 9... 10. Медвежий танец ; Две элегии ; Детям : тетр. 1-4 ; Приложение : тексты песен, использованных в сб. "Детям".
461 Уровень набора _0
1 001RU/УОНБ/EK_N/353259665
1 200
a Сочинения для фортепиано
b [Ноты]
f Б. Барток
v Т. 1
1 210
a М.
c Музыка
d 1976
464 Аналитический уровень _0
1 2001
a Рапсодия
e соч. 1
464 Аналитический уровень _0
1 2001
a Три народные песни области Чик
464 Аналитический уровень _0
1 2001
a Четырнадцать багателей
e соч. 6
464 Аналитический уровень _0
1 2001
a Десять легких пьес
464 Аналитический уровень _0
1 2001
a Крестьянская песня
464 Аналитический уровень _0
1 2001
a Печальный хоровод
464 Аналитический уровень _0
1 2001
a Танец словацкого парня
464 Аналитический уровень _0
1 2001
a Sostenuto
464 Аналитический уровень _0
1 2001
a Вечер в деревне
464 Аналитический уровень _0
1 2001
a Венгерская народная песня
464 Аналитический уровень _0
1 2001
a Рассвет
464 Аналитический уровень _0
1 2001
a Говорят, не выдадут меня за любимого
464 Аналитический уровень _0
1 2001
a Медвежий танец
464 Аналитический уровень _0
1 2001
a Две элегии
464 Аналитический уровень _0
1 2001
a Детям
e тетр. 1-4
464 Аналитический уровень _0
1 2001
a Посвящение
512 Заглавие обложки 1_
a Заглавие обложки Сочинения для фортепиано
606 Тематические рубрики 0_
a Основная рубрика Фортепиано
y Географическая подрубрика Венгрия
610 Ключевые слова 0_
a Ключевые слова фортепиано
686 Индексы других классификаций __
a Классификационный индекс 85.954.2я44
2 Код системы rubbk
702 Вторичная интеллектуальная ответственность _1
a Фамилия Балтин
b Имя (инициалы) А.
4 Код отношения 340
4 Код отношения 220
702 Вторичная интеллектуальная ответственность _1
a Фамилия Сорокин
b Имя (инициалы) К.
4 Код отношения 340
4 Код отношения 220
801 Источник записи _0
a Страна RU
b Организация Ульяновская ОНБ
c Дата составления 20131228
g Правила каталогизации RCR
801 Источник записи _1
a Страна RU
b Организация IS
c Дата составления 20131228
g Правила каталогизации RCR
901 Тип документа __
t Тип документа n
w Контрольный № источника RU/УОНБ/EK_N/353259665
909 Создатель записи __
a Создатель записи Лобина Л. И.
938 Служебная информация __
a Имя БД noti
b Имя библиотеки УОНБ
c Имя АИБС МАРК-SQL
d Номер DOC_ID в БД 8500